| 000 | 00901nam a22002777a 4500 | ||
|---|---|---|---|
| 001 | BR2014005789 | ||
| 003 | BR-BrBNA | ||
| 005 | 20230928104504.0 | ||
| 007 | ta | ||
| 008 | 230509b bl.||||| |||| 00| 0 por d | ||
| 040 |
_aBR-BrBNA _bpor _cBiblioteca Nacional de Agricultura |
||
| 041 | _a(Por) | ||
| 072 | _aP10 | ||
| 090 | _ P10 BR2014005789 | ||
| 110 | 1 |
_aMinistério do Meio Ambiente, Brasília, DF (Brasil). Secretaria de Recursos Hídricos _97132 |
|
| 245 | 1 |
_aCaderno da região hidrográfica do Tocantins-Araguaia _bPlano Nacional de Recursos Hídricos |
|
| 260 | 3 |
_aBrasília, DF (Brasil): _c2006. |
|
| 300 | _a132 p. | ||
| 500 | _aBibliography p. 129-132; Summary (Por); 21 illus.; 39 tables | ||
| 650 | _aRECURSO HÍDRICO | ||
| 650 | _aABASTECIMENTO DE ÁGUA | ||
| 650 | _aHIDROGRAFIA | ||
| 650 | _aTOCANTINS-ARAGUAIA | ||
| 909 |
_a202309 _bLucia _c55 _dLucia Elande |
||
| 942 | _cBK | ||
| 999 |
_c80200 _d80200 |
||